[Event "23rd Abu Dhabi Masters"]
[Site "Abu Dhabi UAE"]
[Date "2016.08.28"]
[Round "8.11"]
[White "Andriasian, Zaven"]
[Black "Sadzikowski, Daniel"]
[Result "1-0"]
[WhiteTitle "GM"]
[BlackTitle "IM"]
[WhiteElo "2621"]
[BlackElo "2551"]
[WhiteFideId "13302000"]
[BlackFideId "1132253"]
[EventDate "2016.08.21"]

1. e4 e5 2. Nf3 Nc6 3. Bb5 a6 4. Ba4 Nf6 5. O-O Be7 6. d3 b5 7. Bb3 d6 8. a4 Bd7
9. Bd2 b4 10. a5 O-O 11. Be3 Qc8 12. Nbd2 h6 13. h3 Rb8 14. Nc4 Be6 15. Re1 Rd8
16. Qe2 Qb7 17. Kh1 Bf8 18. Ncd2 Bxb3 19. Nxb3 Qc8 20. d4 Nxe4 21. dxe5 d5 22.
Kg1 Ne7 23. Ba7 Ra8 24. Bc5 Ng6 25. Bxf8 Nxf8 26. Rad1 c5 27. Nh4 g5 28. Nf3 Ne6
29. Nh2 Kg7 30. Ng4 Nf4 31. Qe3 Ne6 32. Qf3 c4 33. Nd4 Nxd4 34. Rxd4 Qe6 35. Qd1
c3 36. b3 h5 37. Ne3 Nd2 38. Nf1 Nxf1 39. Kxf1 Kh6 40. Rxb4 Rab8 41. Rxb8 Rxb8
42. Qd4 Rc8 43. Re3 1-0

[Event "23rd Abu Dhabi Masters"]
[Site "Abu Dhabi UAE"]
[Date "2016.08.28"]
[Round "8.12"]
[White "Oparin, Grigoriy"]
[Black "Ly, Moulthun"]
[Result "1/2-1/2"]
[WhiteTitle "GM"]
[BlackTitle "IM"]
[WhiteElo "2617"]
[BlackElo "2501"]
[WhiteFideId "24125890"]
[BlackFideId "3204405"]
[EventDate "2016.08.21"]

1. e4 c6 2. d4 d5 3. e5 Bf5 4. h4 h6 5. g4 Bd7 6. Nc3 e6 7. Be3 Qc7 8. Qd2 c5 9.
Nb5 Bxb5 10. Bxb5+ Nc6 11. Ne2 a6 12. Bxc6+ Qxc6 13. h5 Ne7 14. O-O-O Qa4 15.
Kb1 Nc6 16. f4 cxd4 17. Nxd4 Be7 18. g5 hxg5 19. fxg5 Nxe5 20. g6 O-O-O 21. gxf7
Nc4 22. Qe2 e5 23. Nb3 Kb8 24. h6 gxh6 25. Bxh6 Bf8 26. Bg5 Rxh1 27. Rxh1 Rc8
28. Bf6 Qd7 29. Bxe5+ Ka8 30. Qh5 Nxe5 31. Qxe5 Qxf7 32. Rd1 Rd8 33. Nc1 Bh6 34.
Nd3 Re8 35. Qg3 Be3 36. a3 Bb6 37. Nb4 d4 38. Qd6 Ka7 39. Qd5 Qe7 40. Rf1 Rf8
41. Rxf8 Qxf8 42. Nd3 Qc8 43. a4 Qc7 44. Ne5 Qc5 45. Qxc5 Bxc5 46. Kc1 Kb6 47.
Kd2 Ka5 48. b3 b5 49. axb5 axb5 50. Kd3 Bf8 51. Nc6+ Kb6 52. Nxd4 Bg7 53. Ke4
Bf6 54. Kd5 Bh8 55. Ne6 Bc3 56. Nf4 Bd2 57. Nd3 Bc3 58. Nc5 Bb4 59. Nd7+ Kc7 60.
Ne5 Kb6 61. Nd3 1/2-1/2

[Event "23rd Abu Dhabi Masters"]
[Site "Abu Dhabi UAE"]
[Date "2016.08.28"]
[Round "8.13"]
[White "Banusz, Tamas"]
[Black "Vishnu Prasanna, V"]
[Result "1-0"]
[WhiteTitle "GM"]
[BlackTitle "GM"]
[WhiteElo "2616"]
[BlackElo "2512"]
[WhiteFideId "722413"]
[BlackFideId "5030692"]
[EventDate "2016.08.21"]

1. Nf3 c5 2. c4 Nf6 3. Nc3 d5 4. cxd5 Nxd5 5. d4 Nxc3 6. bxc3 g6 7. Bf4 Bg7 8.
e3 Qa5 9. Qd2 Nc6 10. Rc1 Bf5 11. Bc4 Rd8 12. O-O O-O 13. Qb2 cxd4 14. Qxb7 e5
15. Qxc6 Rc8 16. Qa6 Qc7 17. Nxe5 dxc3 18. Nxg6 Qxc4 19. Qxc4 Rxc4 20. Ne7+ 1-0

[Event "23rd Abu Dhabi Masters"]
[Site "Abu Dhabi UAE"]
[Date "2016.08.28"]
[Round "8.14"]
[White "Mohammad, Nubairshah Shaikh"]
[Black "Ter-Sahakyan, Samvel"]
[Result "1/2-1/2"]
[BlackTitle "GM"]
[WhiteElo "2415"]
[BlackElo "2613"]
[WhiteFideId "5053196"]
[BlackFideId "13302531"]
[EventDate "2016.08.21"]

1. d4 d5 2. c4 c6 3. Nf3 Nf6 4. Nc3 dxc4 5. a4 e6 6. e3 c5 7. Bxc4 cxd4 8. exd4
Nc6 9. O-O Be7 10. d5 exd5 11. Nxd5 Nxd5 12. Bxd5 O-O 13. Be3 Qa5 14. Qb3 Qb4
15. Rfd1 Qxb3 16. Bxb3 Bf6 17. Rd2 Be6 18. Bxe6 fxe6 19. Rad1 Rfd8 20. Rxd8+
Rxd8 21. Rxd8+ Bxd8 22. Nd4 Nxd4 23. Bxd4 a6 24. b3 Kf7 25. Kf1 Bc7 26. h3 e5
27. Bc3 Ke6 28. Ke2 Kd5 29. f3 g6 30. Kd3 h5 31. g4 b5 32. axb5 axb5 33. gxh5
gxh5 34. Bd2 Bd6 35. Bc3 Be7 36. Bd2 Bf6 37. Be1 Be7 38. Bd2 Bf6 39. Be1 Be7 1/2-1/2

[Event "23rd Abu Dhabi Masters"]
[Site "Abu Dhabi UAE"]
[Date "2016.08.28"]
[Round "8.15"]
[White "Zubov, Alexander"]
[Black "Swapnil, S. Dhopade"]
[Result "1-0"]
[WhiteTitle "GM"]
[BlackTitle "GM"]
[WhiteElo "2606"]
[BlackElo "2500"]
[WhiteFideId "14109409"]
[BlackFideId "5019184"]
[EventDate "2016.08.21"]

1. d4 Nf6 2. c4 e6 3. Nf3 d5 4. e3 c5 5. cxd5 Nxd5 6. Nc3 cxd4 7. exd4 Nxc3 8.
bxc3 Qc7 9. Bd2 Nd7 10. Bd3 b6 11. Ng5 Nf6 12. Qf3 Rb8 13. O-O Bd6 14. Qh3 h6
15. f4 O-O 16. Qh4 Bb7 17. Rae1 Bd5 18. Nf3 Bc4 19. Bxc4 Qxc4 20. f5 exf5 21.
Bxh6 Nh7 22. Ng5 Nf6 23. Rxf5 Rfe8 24. Ref1 Bf8 25. Rxf6 gxf6 26. Nh7 Kxh7 27.
Bg5+ Kg6 28. Rxf6+ Kg7 29. Bh6+ Kg8 30. Qg3+ Kh7 31. Bxf8 1-0

[Event "23rd Abu Dhabi Masters"]
[Site "Abu Dhabi UAE"]
[Date "2016.08.28"]
[Round "8.16"]
[White "Adly, Ahmed"]
[Black "Aryan, Chopra"]
[Result "1/2-1/2"]
[WhiteTitle "GM"]
[BlackTitle "IM"]
[WhiteElo "2603"]
[BlackElo "2485"]
[WhiteFideId "10601619"]
[BlackFideId "5084423"]
[EventDate "2016.08.21"]

1. d4 d5 2. Nf3 Nf6 3. c4 c6 4. Nc3 e6 5. e3 Nbd7 6. Qc2 Bd6 7. g4 h6 8. Rg1 e5
9. Bd2 dxc4 10. g5 hxg5 11. Nxg5 Qe7 12. Bxc4 Rf8 13. O-O-O Nb6 14. Bb3 Bg4 15.
f3 Bh5 16. dxe5 Bxe5 17. Qf5 Bg6 18. Qh3 Bxc3 19. Bxc3 Qxe3+ 20. Bd2 Qc5+ 21.
Bc3 Qe3+ 1/2-1/2

[Event "23rd Abu Dhabi Masters"]
[Site "Abu Dhabi UAE"]
[Date "2016.08.28"]
[Round "8.17"]
[White "Krishna, C R G"]
[Black "Bortnyk, Olexandr"]
[Result "1-0"]
[WhiteTitle "IM"]
[BlackTitle "GM"]
[WhiteElo "2401"]
[BlackElo "2588"]
[WhiteFideId "5018625"]
[BlackFideId "14120828"]
[EventDate "2016.08.21"]

1. d4 Nf6 2. Nf3 g6 3. g3 Bg7 4. Bg2 O-O 5. c4 d6 6. O-O Nbd7 7. Qc2 e5 8. Rd1
exd4 9. Nxd4 Re8 10. Nc3 a5 11. Ndb5 Nc5 12. Bg5 Ne6 13. Bc1 Nd7 14. b3 Ndc5 15.
Be3 Bd7 16. Rac1 Bc6 17. Nd5 Qd7 18. Ndxc7 Nxc7 19. Rxd6 Qe7 20. Rxc6 Nxb5 21.
Rxc5 Nc3 22. Bf3 a4 23. b4 b6 24. Rc6 Qxb4 25. Bd2 Rxe2 26. Bxe2 Nxe2+ 27. Kf1
Qe7 28. Re1 Qd7 29. Qe4 Re8 30. Qd5 Qh3+ 31. Qg2 Qg4 32. f4 Qd7 33. Rxe2 Qd3 34.
Rd6 Qxc4 35. Qf3 Rf8 36. Be1 b5 37. Qd3 Qc8 38. Kg2 h5 39. Qxb5 h4 40. gxh4 Kh7
41. Qd3 Qg4+ 42. Bg3 Rc8 43. f5 Rc3 44. fxg6+ fxg6 45. Qe4 Qh5 46. Rd5 1-0

[Event "23rd Abu Dhabi Masters"]
[Site "Abu Dhabi UAE"]
[Date "2016.08.28"]
[Round "8.18"]
[White "Abhishek, Kelkar"]
[Black "Lalith, Babu M R"]
[Result "0-1"]
[WhiteTitle "IM"]
[BlackTitle "GM"]
[WhiteElo "2380"]
[BlackElo "2575"]
[WhiteFideId "5019257"]
[BlackFideId "5024595"]
[EventDate "2016.08.21"]

1. Nf3 Nf6 2. g3 d5 3. Bg2 e6 4. O-O Be7 5. c4 O-O 6. b3 c6 7. d3 a5 8. Nbd2 a4
9. Bb2 a3 10. Bc3 c5 11. e3 Nc6 12. d4 b6 13. Rc1 Bb7 14. Qc2 cxd4 15. exd4 Rc8
16. Rfd1 Nb4 17. Qb1 Rc7 18. Ne5 Qb8 19. Bxb4 Bxb4 20. Nd3 Bxd2 21. Rxd2 dxc4
22. bxc4 Bxg2 23. Kxg2 Ne4 24. Re2 Nd6 25. Qb4 Rd8 26. d5 Qa8 27. f3 exd5 28.
cxd5 Rxc1 29. Nxc1 Qxd5 30. Qxa3 h5 31. Qd3 Qg5 32. Qe3 Qb5 33. Rd2 Re8 34. Qd3
Nc4 35. Re2 Rc8 36. Nb3 Qg5 37. h4 Qh6 38. Nd2 Nxd2 39. Qxd2 Qc6 40. Qe3 g6 41.
Rb2 Re8 42. Qd4 Re1 43. Qd2 Rc1 44. Qf2 b5 45. Qe2 b4 46. Rd2 Qc3 47. Qf2 Ra1
48. Rc2 Qd3 49. Rb2 Qd1 50. g4 hxg4 51. Rxb4 Qh1+ 52. Kg3 Rf1 0-1

[Event "23rd Abu Dhabi Masters"]
[Site "Abu Dhabi UAE"]
[Date "2016.08.28"]
[Round "8.19"]
[White "Sengupta, Deep"]
[Black "Puranik, Abhimanyu"]
[Result "1/2-1/2"]
[WhiteTitle "GM"]
[BlackTitle "IM"]
[WhiteElo "2571"]
[BlackElo "2469"]
[WhiteFideId "5008352"]
[BlackFideId "5061245"]
[EventDate "2016.08.21"]

1. e4 e5 2. Nf3 Nc6 3. Bb5 a6 4. Ba4 Nf6 5. Qe2 b5 6. Bb3 Bc5 7. c3 O-O 8. d3 h6
9. Nbd2 Re8 10. h3 d5 11. O-O Be6 12. Rd1 Qe7 13. Nf1 Rad8 14. Ng3 dxe4 15. dxe4
Rxd1+ 16. Qxd1 Rd8 17. Qe2 Qd6 18. Be3 Bxe3 19. Qxe3 Qd3 20. Qxd3 Rxd3 21. Bxe6
fxe6 22. a4 Kf8 23. axb5 axb5 24. Kf1 Ke7 25. Ke2 Rd8 26. Ne1 Nd7 27. Nd3 Nb6
28. Nf1 Ra8 29. Rxa8 Nxa8 30. Nd2 Nb6 31. h4 Kd6 32. g3 Ne7 33. b4 Nc6 34. Ke3
Ke7 35. Nc5 Nb8 36. Kd3 N8d7 37. Nb7 Nf6 38. Na5 Nfd7 39. Kc2 Nf6 40. Kd3 Nfd7
41. Ndb3 Na4 42. Nb7 Nb2+ 43. Kc2 Na4 44. f3 Ndb6 45. Nd2 Kd7 46. Kb3 c6 47. Na5
Kc7 48. c4 Nd7 49. c5 Nf6 50. Kc2 Nh5 51. Nf1 Nf6 52. Nb3 Nd7 53. Ne3 Nb8 54.
Nc1 Na6 55. Nd3 Nxb4+ 56. Nxb4 Nxc5 57. Nd3 Nd7 58. Ng4 Kd6 59. h5 c5 60. Kc3 c4
61. Ne1 Kc5 62. Nc2 Nb6 63. Nxe5 b4+ 64. Kd2 b3 65. Ne3 b2 66. Kc2 Kd4 67. N5g4
c3 68. Nd1 Na4 69. e5 Kc4 70. Ngf2 Kd4 71. Ne4 Kxe5 72. Nexc3 Nxc3 73. Nxc3 Kd4
74. Kd2 Kc4 75. Nb1 Kd4 76. Ke2 e5 77. Kd2 e4 78. Ke2 exf3+ 79. Kxf3 Ke5 80. g4
g6 81. hxg6 Kf6 82. Kg3 Kxg6 83. Kh4 Kf6 84. Kh5 Kg7 85. Nd2 Kh7 86. Kh4 Kg6 87.
Nb1 Kf6 88. Nc3 Kg6 89. Kg3 h5 90. gxh5+ Kxh5 91. Kf3 b1=Q 92. Nxb1 1/2-1/2

[Event "23rd Abu Dhabi Masters"]
[Site "Abu Dhabi UAE"]
[Date "2016.08.28"]
[Round "8.20"]
[White "Azarov, Sergei"]
[Black "Thejkumar, M. S."]
[Result "1-0"]
[WhiteTitle "GM"]
[BlackTitle "IM"]
[WhiteElo "2581"]
[BlackElo "2445"]
[WhiteFideId "13501470"]
[BlackFideId "5009154"]
[EventDate "2016.08.21"]

1. e4 c6 2. d4 d5 3. e5 Bf5 4. Nf3 e6 5. Be2 Ne7 6. O-O Nd7 7. Nh4 Be4 8. Nd2
Nf5 9. Nhf3 c5 10. c3 Qb6 11. Qa4 Bxf3 12. Nxf3 cxd4 13. Bb5 Qd8 14. cxd4 a6 15.
Bd3 Ne7 16. Bg5 h6 17. Be3 Nc6 18. Rac1 Be7 19. a3 O-O 20. Bb1 Re8 21. Rc3 Rc8
22. Rfc1 Nf8 23. g3 Qd7 24. Ne1 Rc7 25. Qc2 Rcc8 26. Nd3 Na7 27. Nc5 Bxc5 28.
Rxc5 Rc6 29. Rxc6 Nxc6 30. Qd2 Rc8 31. g4 Ne7 32. Rf1 Qa4 33. f4 Rc4 34. f5 Nc6
35. Qf2 Rxd4 36. fxe6 Rxg4+ 37. Kh1 Nxe5 38. exf7+ Kh8 39. Qf5 Ned7 40. Bc2 Qc4
41. Bd3 Qa4 42. Bc2 Qc4 43. Bd3 Qa4 44. b3 Qxb3 45. Qxg4 Qxd3 46. Rg1 Qe4+ 47.
Qxe4 dxe4 48. h4 h5 49. Rc1 Kh7 50. Bc5 Ne6 51. Bd6 Kg6 52. Rf1 Nef8 53. Kg2 Kh6
54. Rf4 g5 55. Bxf8+ Nxf8 56. Rf6+ Kg7 57. hxg5 Nh7 58. Rb6 h4 59. Rh6 Nf8 60.
Rxh4 Kxf7 61. Kg3 Kg6 62. Kg4 e3 63. Rh6+ Kg7 64. Rb6 e2 65. Rb1 Ne6 66. Kf3
Nxg5+ 67. Kxe2 b5 68. Kd3 Ne6 69. Rc1 Kf6 70. Ke4 Ke7 71. Ke5 Kd7 72. Rd1+ Ke7
73. Rh1 Nf8 74. Kd5 Kd7 75. Rh6 a5 76. Rf6 Ke7 77. Rb6 b4 78. a4 Nd7 79. Rb5
Nf6+ 80. Kc6 Ke6 81. Rxa5 1-0

[Event "23rd Abu Dhabi Masters"]
[Site "Abu Dhabi UAE"]
[Date "2016.08.28"]
[Round "8.21"]
[White "Gupta, Abhijeet"]
[Black "Shyaamnikhil, P"]
[Result "0-1"]
[WhiteTitle "GM"]
[BlackTitle "IM"]
[WhiteElo "2637"]
[BlackElo "2421"]
[WhiteFideId "5010608"]
[BlackFideId "5024218"]
[EventDate "2016.08.21"]

1. d4 Nf6 2. Bf4 g6 3. Nc3 d5 4. e3 c6 5. Bd3 Bg7 6. h4 Qb6 7. Na4 Qa5+ 8. c3
Nbd7 9. b4 Qd8 10. Nf3 O-O 11. Qc2 Nh5 12. Bh2 Qe8 13. Bc7 Ndf6 14. Nh2 Qd7 15.
Be5 Qd8 16. f3 Nd7 17. g4 f6 18. gxh5 fxe5 19. hxg6 h5 20. Bf5 exd4 21. Be6+ Kh8
22. cxd4 Rf6 23. Bf7 e5 24. Rg1 Bh6 25. Rg5 Bxg5 26. hxg5 Rxf7 27. gxf7 Qxg5 28.
O-O-O Qxe3+ 29. Kb1 Nf8 30. Nc5 exd4 31. Nf1 Qf4 32. Qg2 Qxf7 33. Ng3 h4 34. Rh1
Ng6 35. Kb2 d3 36. Nh5 Qf5 37. Ng3 Qg5 38. Qf2 Kg8 39. Nf1 Bf5 40. Rg1 Qf6+ 41.
Kb3 Re8 42. Ne3 Qd4 0-1

[Event "23rd Abu Dhabi Masters"]
[Site "Abu Dhabi UAE"]
[Date "2016.08.28"]
[Round "8.22"]
[White "Raetsky, Alexander"]
[Black "Vaibhav, Suri"]
[Result "0-1"]
[WhiteTitle "GM"]
[BlackTitle "GM"]
[WhiteElo "2384"]
[BlackElo "2556"]
[WhiteFideId "4103203"]
[BlackFideId "5045185"]
[EventDate "2016.08.21"]

1. d4 Nf6 2. c4 e6 3. Nf3 d5 4. g3 Bb4+ 5. Bd2 Be7 6. Bg2 O-O 7. O-O c6 8. Qc2
b6 9. Rd1 Ba6 10. b3 Nbd7 11. a4 Bd6 12. a5 Qe7 13. Bg5 h6 14. Bxf6 Nxf6 15. Nc3
Rfc8 16. e4 Bb4 17. e5 Nd7 18. axb6 axb6 19. Bf1 Bb7 20. Bg2 c5 21. Rxa8 Bxa8
22. dxc5 dxc4 23. bxc4 Bxf3 24. Bxf3 Nxe5 25. Be2 Bxc5 26. Qb1 Rd8 27. Qe4 Rxd1+
28. Nxd1 Qd6 29. Kg2 f5 30. Qb7 Kh7 31. h3 Qd2 32. Kf1 Nd3 33. Qf3 Qe1+ 34. Kg2
Ne5 0-1

[Event "23rd Abu Dhabi Masters"]
[Site "Abu Dhabi UAE"]
[Date "2016.08.28"]
[Round "8.23"]
[White "Golubov, Saveliy"]
[Black "Karavade, Eesha"]
[Result "1/2-1/2"]
[WhiteTitle "IM"]
[BlackTitle "IM"]
[WhiteElo "2481"]
[BlackElo "2415"]
[WhiteFideId "24176729"]
[BlackFideId "5012600"]
[EventDate "2016.08.21"]

1. d4 d5 2. Nf3 Nf6 3. Bf4 c5 4. e3 Nc6 5. c3 Qb6 6. Qc2 g6 7. Nbd2 Bg7 8. dxc5
Qxc5 9. Bd3 O-O 10. Bc7 Nb8 11. Bg3 Nc6 12. O-O Re8 13. b4 Qb6 14. a4 e5 15. a5
Qd8 16. e4 a6 17. Bh4 Be6 18. Ng5 dxe4 19. Ngxe4 Rc8 20. Nc5 Bd5 21. Be4 Ne7 22.
Nxb7 Qc7 23. Bxf6 Qxb7 24. Bxg7 Kxg7 25. Rac1 f5 26. Bf3 Bxf3 27. Nxf3 Nd5 28.
Qd2 Nf4 29. Rfd1 Re7 30. Ne1 Qb5 31. Rc2 Rcc7 32. Qe3 Qc4 33. Rd6 Nd5 34. Qd3
Qxd3 35. Nxd3 Nxc3 36. Nc5 Ne4 37. Ne6+ Kf7 38. Nxc7 Nxd6 39. Nxa6 Rb7 40. f3
Ke7 41. Rb2 Nc4 42. Rc2 Ne3 43. Rc1 Nd5 44. Rb1 Kd6 45. b5 Nc3 46. Rb2 Rxb5 47.
Rxb5 Nxb5 48. Nb4 Kc5 49. Nc2 Nc7 50. Ne3 Kb5 51. Kf2 Kxa5 52. Nc4+ Kb5 53. Nxe5
Ne6 54. Kg3 Kc5 55. Kh4 Kd6 56. Nf7+ Ke7 57. Ng5 h6 58. Nh3 1/2-1/2

[Event "23rd Abu Dhabi Masters"]
[Site "Abu Dhabi UAE"]
[Date "2016.08.28"]
[Round "8.24"]
[White "Estremera Panos, Sergio"]
[Black "Lei, Tingjie"]
[Result "0-1"]
[WhiteTitle "IM"]
[BlackTitle "WGM"]
[WhiteElo "2360"]
[BlackElo "2480"]
[WhiteFideId "2200864"]
[BlackFideId "8605114"]
[EventDate "2016.08.21"]

1. d4 d5 2. c4 c6 3. Nf3 Nf6 4. Nc3 e6 5. e3 Nbd7 6. Qc2 Bd6 7. b3 O-O 8. Be2 b6
9. O-O Bb7 10. Bb2 Qe7 11. Rad1 Rad8 12. Rfe1 Rfe8 13. Bf1 e5 14. cxd5 e4 15.
dxc6 exf3 16. cxb7 Bxh2+ 17. Kxh2 Qd6+ 18. Kh3 Re5 0-1

[Event "23rd Abu Dhabi Masters"]
[Site "Abu Dhabi UAE"]
[Date "2016.08.28"]
[Round "8.25"]
[White "Narayanan, Srinath"]
[Black "Laxman, R.R."]
[Result "0-1"]
[WhiteTitle "IM"]
[BlackTitle "GM"]
[WhiteElo "2477"]
[BlackElo "2374"]
[WhiteFideId "5018420"]
[BlackFideId "5005361"]
[EventDate "2016.08.21"]

1. e4 e5 2. Nf3 Nc6 3. d4 exd4 4. Nxd4 Nf6 5. Nxc6 bxc6 6. e5 Qe7 7. Qe2 Nd5 8.
c4 Nb6 9. Nd2 a5 10. g3 Ba6 11. b3 Qe6 12. h4 Bb4 13. Bh3 Qe7 14. Bb2 O-O 15.
O-O d5 16. Rfc1 a4 17. Nf3 a3 18. Bd4 c5 19. Be3 f6 20. Bf4 Rae8 21. Qc2 dxc4
22. exf6 Qxf6 23. Ng5 g6 24. Bg2 Qb2 25. Be3 Rxe3 26. fxe3 Bd2 27. Qe4 Bxc1 28.
Qe6+ Kh8 29. Qe7 Bxe3+ 30. Kh2 Qg7 31. Qxe3 Qxa1 32. Qxc5 Nd7 33. Qxc7 Bc8 34.
Qxc4 Ne5 35. Qc5 Ng4+ 36. Kh3 Qg7 37. Bd5 Nf6+ 38. Be6 Ne4 0-1

[Event "23rd Abu Dhabi Masters"]
[Site "Abu Dhabi UAE"]
[Date "2016.08.28"]
[Round "8.26"]
[White "Pascua, Haridas"]
[Black "Swayams, Mishra"]
[Result "1/2-1/2"]
[WhiteTitle "IM"]
[BlackTitle "IM"]
[WhiteElo "2404"]
[BlackElo "2468"]
[WhiteFideId "5203953"]
[BlackFideId "5028183"]
[EventDate "2016.08.21"]

1. d4 Nf6 2. c4 e6 3. Nf3 b6 4. g3 Bb7 5. Bg2 Bb4+ 6. Bd2 Be7 7. Nc3 d5 8. Qa4+
c6 9. Bg5 O-O 10. Bxf6 Bxf6 11. O-O Nd7 12. e4 dxc4 13. Qxc4 Rc8 14. Rfd1 b5 15.
Qe2 Qb6 16. a3 Rfd8 17. e5 Be7 18. b4 a5 19. Qb2 Ra8 20. Ne4 Qc7 21. Nc5 Nb6 22.
Qc3 Nd5 23. Qb2 Nb6 24. Qc3 Nd5 25. Qb2 Ra7 26. Ne1 Rda8 27. Nc2 Bc8 28. Re1 Bd7
29. Bf3 Be8 30. Bg2 Nb6 31. Qb3 Nc4 32. Qc3 Nb6 33. f4 Nd5 34. Qb3 g6 35. Rf1
Qd8 36. Rfd1 axb4 37. Bxd5 exd5 38. axb4 Bd7 39. Qc3 Bg4 40. Rxa7 Rxa7 41. Ra1
Rxa1+ 42. Qxa1 Bf5 43. Ne3 Qc8 44. Qa6 Qxa6 45. Nxa6 Bc8 46. Nc5 h5 47. Kf2 Kg7
48. Nc2 g5 49. Na1 gxf4 50. gxf4 Bh4+ 51. Ke3 Be1 52. Nc2 Bc3 53. Kd3 Bb2 54.
Ne3 Ba3 55. Kc3 Bc1 56. Ng2 h4 57. Nxh4 Bxf4 58. Nf3 Bg4 59. Nd3 Be3 60. Nd2 Kf8
61. Nb3 Ke7 62. h4 Kd7 63. Ndc5+ Kc7 64. Nd3 Bh6 65. Nbc5 Be3 66. Na6+ Kd8 67.
Nb8 Kc7 68. Na6+ Kc8 69. Nac5 Kc7 70. Na6+ Kc8 71. Nac5 Bh5 72. e6 fxe6 73. Nxe6
Bg4 74. Nec5 Be2 75. Ne5 Bf2 76. Nxc6 Bxh4 77. Ne5 Be1+ 78. Kb3 Bd1+ 79. Ka3 Bc3
80. Nc6 Kc7 81. Ne7 Bf3 82. Kb3 Bd2 83. Kc2 Be1 84. Nd3 Bh4 85. Ng6 Bf6 86. Kc3
Be4 87. Ngf4 Bh4 88. Ne6+ Kd6 89. Nec5 Bf3 90. Nb7+ Kc7 91. Nbc5 Bg4 92. Ne5
Be1+ 93. Kb2 Be2 94. Ned3 Bh4 95. Kc3 Bg4 96. Kd2 Bg5+ 97. Kc3 1/2-1/2

[Event "23rd Abu Dhabi Masters"]
[Site "Abu Dhabi UAE"]
[Date "2016.08.28"]
[Round "8.27"]
[White "Georgescu, Tiberiu-Marian"]
[Black "Kunal, M."]
[Result "1/2-1/2"]
[WhiteTitle "GM"]
[WhiteElo "2463"]
[BlackElo "2302"]
[WhiteFideId "1213300"]
[BlackFideId "5018250"]
[EventDate "2016.08.21"]

1. Nf3 Nf6 2. c4 e6 3. g3 d5 4. Bg2 Be7 5. O-O O-O 6. b3 c5 7. cxd5 exd5 8. d4
Nc6 9. Nc3 Ne4 10. Bb2 cxd4 11. Nxe4 dxe4 12. Nxd4 Nxd4 13. Qxd4 Qxd4 14. Bxd4
Bf5 15. f3 a5 16. fxe4 Be6 17. e5 a4 18. e3 axb3 19. axb3 Rxa1 20. Rxa1 Bxb3 21.
Rb1 Be6 22. Rxb7 Ba3 23. Ra7 Bb4 24. Bc6 Rc8 25. Be4 g6 26. Kf2 Rc1 27. Ra8+ Rc8
28. Ra4 Be7 29. Kf3 h5 30. Ra7 Bf8 31. Bb6 Bg4+ 32. Kf2 Bc5 33. Rb7 Bxb6 34.
Rxb6 Kg7 35. Bc6 Rd8 36. Rb2 Rc8 37. Bd5 Re8 38. Rb7 Be6 39. Bxe6 Rxe6 40. Rb5
Rc6 41. Kf3 Rc4 42. Rb7 Kf8 43. h4 g5 44. hxg5 Rg4 45. e6 fxe6 46. Rb5 Kf7 47.
Re5 Ra4 48. g6+ Kxg6 49. Rxe6+ Kf5 50. Rb6 Ra1 51. e4+ Kg5 52. Rb5+ Kg6 53. Rb6+
Kg5 54. Rb5+ Kg6 55. Rb8 Kg5 56. Rg8+ Kf6 57. Rf8+ Kg6 58. Rf4 Ra3+ 59. Kg2 Kg5
60. Rf5+ Kg4 61. Rf4+ Kg5 62. Rf3 Ra2+ 63. Rf2 Ra3 64. Rf8 Ra2+ 65. Kh3 Re2 66.
Re8 Re1 67. Kg2 Re3 68. Kh3 Re1 69. Re5+ Kf6 70. Rf5+ Kg6 71. Rf4 Re2 72. g4
hxg4+ 73. Kxg4 Re3 74. Kh4 Rd3 75. Rf8 Rd4 76. Rf4 Rd3 77. Kg4 Re3 78. e5 1/2-1/2

[Event "23rd Abu Dhabi Masters"]
[Site "Abu Dhabi UAE"]
[Date "2016.08.28"]
[Round "8.28"]
[White "Savanovic, Aleksandar"]
[Black "Sankalp, Gupta"]
[Result "1/2-1/2"]
[WhiteTitle "IM"]
[WhiteElo "2440"]
[BlackElo "1990"]
[WhiteFideId "914932"]
[BlackFideId "5097010"]
[EventDate "2016.08.21"]

1. Nf3 Nf6 2. c4 g6 3. b3 Bg7 4. Bb2 c5 5. g3 O-O 6. Bg2 Nc6 7. O-O d6 8. Nc3
Bd7 9. d3 e5 10. a3 h6 11. Nd2 Kh7 12. b4 Rb8 13. Nde4 Nxe4 14. Nxe4 Qe7 15. Nc3
Be6 16. bxc5 dxc5 17. Rb1 Qd7 18. Ba1 Nd4 19. a4 Bh3 20. Nd5 Bxg2 21. Kxg2 f5
22. Bxd4 exd4 23. Rb5 Qc6 24. Kg1 Be5 25. Qb3 Bd6 26. Rb1 Rf7 27. a5 Qd7 28. f3
h5 29. Qd1 g5 30. Qf1 f4 31. gxf4 gxf4 32. Kf2 Bf8 33. Ke1 Kh8 34. Kd2 Re8 35.
Qf2 a6 36. Rxb7 Qxb7 37. Rxb7 Rxb7 38. Kc2 Reb8 39. Nb6 Be7 40. Qg2 Bd8 41. Qg6
Bxb6 42. Qxh5+ Kg7 43. Qg5+ Kh7 44. Qf5+ Kg7 45. Qg5+ 1/2-1/2

[Event "23rd Abu Dhabi Masters"]
[Site "Abu Dhabi UAE"]
[Date "2016.08.28"]
[Round "8.29"]
[White "Tania, Sachdev"]
[Black "Ziska, Helgi Dam"]
[Result "1/2-1/2"]
[WhiteTitle "IM"]
[BlackTitle "IM"]
[WhiteElo "2396"]
[BlackElo "2546"]
[WhiteFideId "5007844"]
[BlackFideId "7200595"]
[EventDate "2016.08.21"]

1. d4 Nf6 2. c4 g6 3. Nc3 Bg7 4. e4 d6 5. f3 O-O 6. Nge2 c5 7. d5 e6 8. Ng3 exd5
9. cxd5 a6 10. a4 h5 11. Bg5 Qe8 12. Qd2 Nh7 13. Bh6 h4 14. Bxg7 Kxg7 15. Nge2
Nd7 16. Nf4 Ne5 17. Be2 Qd8 18. O-O Qg5 19. Rad1 Bd7 20. Ne6+ fxe6 21. f4 Qe7
22. fxe5 dxe5 23. dxe6 Bxe6 24. Qd6 Rxf1+ 25. Bxf1 Qxd6 26. Rxd6 Re8 27. Nd5 Bc8
28. Bc4 Ng5 29. Nb6 Bg4 30. Bd5 h3 31. Nd7 Nf7 32. Bxf7 Kxf7 33. Nxc5 Rc8 34.
Nd3 Re8 1/2-1/2

[Event "23rd Abu Dhabi Masters"]
[Site "Abu Dhabi UAE"]
[Date "2016.08.28"]
[Round "8.30"]
[White "Melkumyan, Hrant"]
[Black "Das, Sayantan"]
[Result "1-0"]
[WhiteTitle "GM"]
[BlackTitle "IM"]
[WhiteElo "2650"]
[BlackElo "2399"]
[WhiteFideId "13302485"]
[BlackFideId "5034426"]
[EventDate "2016.08.21"]

1. d4 e6 2. Nf3 Nf6 3. c4 d5 4. Nc3 Bb4 5. Qa4+ Nc6 6. e3 O-O 7. Bd2 dxc4 8.
Bxc4 Bd6 9. Qc2 a6 10. Ne4 Nxe4 11. Qxe4 Bd7 12. O-O Qf6 13. Bc3 Qh6 14. Rfd1
Ne7 15. Ne5 Bc6 16. Nxc6 Qxh2+ 17. Kf1 Nxc6 18. Ke2 Qh5+ 19. g4 Qg6 20. Qf3 Rae8
21. Bd3 f5 22. Rh1 Qf7 23. Rag1 Ne7 24. Bc4 b5 25. Bb3 b4 26. Be1 g6 27. Rh6 Nd5
28. Rgh1 Nf6 29. gxf5 gxf5 30. d5 Nxd5 31. Rxe6 Rxe6 32. Qxd5 Rfe8 33. Rh6 c6
34. Qxe6 1-0

[Event "23rd Abu Dhabi Masters"]
[Site "Abu Dhabi UAE"]
[Date "2016.08.28"]
[Round "8.31"]
[White "Troff, Kayden W"]
[Black "Eggleston, David J"]
[Result "0-1"]
[WhiteTitle "GM"]
[BlackTitle "IM"]
[WhiteElo "2522"]
[BlackElo "2384"]
[WhiteFideId "2047896"]
[BlackFideId "412120"]
[EventDate "2016.08.21"]

1. d4 Nf6 2. c4 e6 3. Nf3 b6 4. g3 Bb7 5. Bg2 Be7 6. O-O O-O 7. Nc3 d5 8. Ne5
Nbd7 9. cxd5 Nxd5 10. Nxd5 exd5 11. Nd3 c5 12. dxc5 bxc5 13. Be3 Rc8 14. Rc1 Ba8
15. Qa4 d4 16. Bxa8 dxe3 17. Bf3 Nb6 18. Qxa7 c4 19. Ne5 exf2+ 20. Kg2 Bc5 21.
Qb7 Rc7 22. Qa6 Be3 23. Rc3 Qd2 24. Nxc4 Nxc4 25. Rxc4 Ra7 26. Qc6 Rxa2 27. Qd5
Qxb2 28. Qd3 Ra3 29. Qc2 Qe5 30. Rc8 g6 31. Qe4 Qa5 32. Rxf8+ Kxf8 33. Qb7 Qe1
34. Qb8+ Kg7 35. Qe5+ Kh6 36. Qh8 Bc5 37. Qe5 Rc3 38. Qf4+ Kg7 39. Bd5 f5 40.
Bf3 Be3 41. Qe5+ Kh6 42. Kh3 Qxf1+ 43. Bg2 Qxe2 0-1